000 004390000a22001690004500
041 0 _aENG
082 0 4 _aG 265.1 C5611w
100 1 _aChurch, John R. (1899- )
245 1 0 _aWhy baptize by sprinkling / John R. Church
260 _aLouisville, Kentucky, USA : Herald
300 _a82 Pag
001 7132
942 _cBK
999 _c37358
_d37358
336 _atexto
_btxt
_2rdacontent
337 _2rdamedia
_asin mediación
_bn
338 _2rdacarrier
_avolumen
_bnc